Хмель: Сказания о людях тайги

Xehetasun bibliografikoak
Egile nagusia: Черкасов А. Т. Алексей Тимофеевич
Gaia:Исключено из фонда НТБ ТПУ
Hizkuntza:errusiera
Argitaratua: Красноярск, Красноярское книжное издательство, 1979
Formatua: MixedMaterials Liburua
KOHA link:https://koha.lib.tpu.ru/cgi-bin/koha/opac-detail.pl?biblionumber=127020

MARC

LEADER 00000nam0a2200000 4500
001 127020
005 20231031132056.0
035 |a (RuTPU)RU\TPU\book\137404 
090 |a 127020 
100 |a 20071207d1979 m y0rusy50 ca 
101 0 |a rus 
102 |a RU 
105 |a y z 000ay 
200 1 |a Хмель  |e Сказания о людях тайги  |f А. Т. Черкасов 
210 |a Красноярск  |c Красноярское книжное издательство  |d 1979 
215 |a 878 с. 
333 |a Исключено из фонда НТБ ТПУ 
675 |a Р2  |v 3 
700 1 |a Черкасов  |b А. Т.  |g Алексей Тимофеевич 
801 1 |a RU  |b 63413507  |c 20071207  |g PSBO 
801 2 |a RU  |b 63413507  |c 20221003  |g PSBO 
942 |c BK